Perspectives on foster care

Gespeichert in:  
Bibliographische Detailangaben
1. VerfasserIn: Prosser, Hilary (Verfasst von)
Medienart: Druck Buch
Sprache:Englisch
Veröffentlicht: Windsor, Berks. NFER Publ. 1978
In:Jahr: 1978
Bestand in Tübingen:In Tübingen vorhanden.
UB: KB 10 A 29
Verfügbarkeit prüfen: HBZ Gateway
Subito Bestelldienst: Jetzt bestellen.

MARC

LEADER 00000cam a22000002c 4500
001 1093454806
003 DE-627
005 20251224220507.0
007 tu
008 910305s1978 xx ||||| 00| ||eng c
035 |a (DE-627)1093454806 
035 |a (DE-576)023454806 
035 |a (DE-599)BSZ023454806 
035 |a (OCoLC)05404495 
040 |a DE-627  |b ger  |c DE-627  |e rakwb 
041 |a eng 
082 0 |a 016.3627/33 
100 1 |a Prosser, Hilary  |4 aut 
245 1 0 |a Perspectives on foster care  |c Hilary Prosser 
264 1 |a Windsor, Berks.  |b NFER Publ.  |c 1978 
300 |a 244 S. 
336 |a Text  |b txt  |2 rdacontent 
337 |a ohne Hilfsmittel zu benutzen  |b n  |2 rdamedia 
338 |a Band  |b nc  |2 rdacarrier 
490 0 |a A National Children's Bureau report 
583 1 |a Archivierung prüfen  |c 20200919  |f DE-640  |z 1  |2 pdager 
951 |a BO 
ELC |b 1 
LOK |0 000 xxxxxcx a22 zn 4500 
LOK |0 001 2160512222 
LOK |0 003 DE-627 
LOK |0 004 1093454806 
LOK |0 005 20020606000000 
LOK |0 008 910305||||||||||||||||ger||||||| 
LOK |0 040   |a DE-21  |c DE-627  |d DE-21 
LOK |0 852   |a DE-21 
LOK |0 852 1  |c KB 10 A 29  |9 00 
LOK |0 935   |a krim 
LOK |0 936ln  |a k4.2.3 
LOK |0 939   |a 05-03-91  |b l01 
ORI |a SA-MARC-krimdoka001.raw 
SIG |a UB: KB 10 A 29